000 02036nam0a22003131 4500
001 rc\642823
005 20250621194321.0
035 _a(NLR Aleph) 005883945
090 _a6107192
_c6107192
100 _a20031121d1986 |||y0rusy50 ca
101 0 _arus
102 _aRU
105 _aa |||||||||
200 1 _aПьесы
_fДумитру Раду Попеску
_gПер. с рум. [и послесл.] Е. Азерниковой
_g[Худож. Т.В. Толстая]
210 _aМ.
_cРадуга
_d1986
215 _a293, [2] с., [4] л. ил.
_cил.
_d21
300 _aЗагл. пер.: Фаянсовый гном из летнего сада и другие пьесы
327 1 _aСодерж.: Эти грустные ангелы; Цезарь - шут пиратов, или Ловушка, или Кто осмелится проверить, фальшивая ли у императора лысина; Хория, или Птичье молоко; Фаянсовый гном из летнего сада
464 0 _12001#$aЭти грустные ангелы
_tЭти грустные ангелы
464 0 _12001#$aЦезарь - шут пиратов, или Ловушка, или Кто осмелится проверить, фальшивая ли у императора лысина
_tЦезарь - шут пиратов, или Ловушка, или Кто осмелится проверить, фальшивая ли у императора лысина
464 0 _12001#$aХория, или Птичье молоко
_tХория, или Птичье молоко
464 0 _12001#$aФаянсовый гном из летнего сада
_tФаянсовый гном из летнего сада
517 0 _aФаянсовый гном из летнего сада и другие пьесы
700 1 _aПопеску
_bД.Р.
_f1935-
_gДумитру Раду
801 0 _aRU
_bNLR
_gpsbo
801 1 _aRU
_bELAR
_2rusmarc
852 _aNLR
_j87-3/680
942 _cBOOK
980 _aNB